Daily Capital City Riddle #58 - Statistics

General Stats
  • This quiz has been taken 43 times
  • The average score is 30 of 36
Answer Stats
Type Answer % Correct
Alphabet Letter C
100%
Found Letter O
100%
Found Letter S
100%
Alphabet Letter T
100%
Found Letter A
97%
Found Letter E
97%
Alphabet Letter H
97%
Found Letter I
97%
Alphabet Letter L
97%
Found Letter N
97%
Alphabet Letter B
94%
Alphabet Letter D
94%
Found Letter G
94%
Alphabet Letter K
94%
Alphabet Letter M
94%
Found Letter R
94%
Correctly Placed Letter N
92%
Found Letter P
89%
Alphabet Letter U
89%
Alphabet Letter W
89%
Alphabet Letter J
86%
Alphabet Letter V
86%
Alphabet Letter Y
86%
Correctly Placed Letter A
75%
Alphabet Letter F
72%
Correctly Placed Letter I
69%
Correctly Placed Letter O
69%
Correctly Placed Letter S
69%
Alphabet Letter X
69%
Alphabet Letter Z
64%
Correctly Placed Letter E
61%
Alphabet Letter Q
61%
Correctly Placed Letter R
58%
Correctly Placed Letter G
56%
Correctly Placed Letter P
56%
Mystery Capital Singapore
56%
No matching quizzes found
Score Distribution
Percent of People with Each Score
Percentile by Number Answered
Your Score History
You have not taken this quiz